[Event "Crema op 16th"]
[Site "Crema"]
[Date "2015.09.04"]
[Round "2"]
[White "Masotti, Roberto"]
[Black "Popovich, Fabio"]
[Result "1-0"]
[WhiteElo "1859"]
[BlackElo "2018"]
[PlyCount "65"]
[EventDate "2015.09.04"]
[EventType "swiss"]
[EventRounds "6"]
[EventCountry "ITA"]
[SourceTitle "EXT 2024"]
[Source "ChessBase"]
[SourceDate "2023.10.10"]
[SourceVersion "1"]
[SourceVersionDate "2023.10.10"]
[SourceQuality "1"]

1. b3 d6 2. Bb2 e5 3. g3 f5 4. e3 Nc6 5. Bg2 Nf6 6. Ne2 Be7 7. d3 a5 8. a3 Be6 9. c4 Bf7 10. Nbc3 0-0 11. Nd5 Qd7 12. Nec3 Rae8 13. 0-0 Bd8 14. b4 axb4 15. axb4 Nxd5 16. Nxd5 Nb8 17. Ra8 Na6 18. b5 Nc5 19. Qc2 Bg5 20. Ra7 Ra8 21. Rfa1 Rxa7 22. Rxa7 Rb8 23. d4 exd4 24. Bxd4 Ne4 25. Qb2 Be6 26. f3 Bxd5 27. cxd5 Nc5 28. Bf1 Qe7 29. Qc3 b6 30. Bh3 g6 31. g4 fxg4 32. Bxg4 Bh6 33. Bxc5 1-0

[Event "Vescovato Gerolamo op-A 13th"]
[Site "Vescovato"]
[Date "2014.04.27"]
[Round "6"]
[White "Ficco, Corrado"]
[Black "Popovich, Fabio"]
[Result "1/2-1/2"]
[WhiteElo "2054"]
[BlackElo "1945"]
[PlyCount "56"]
[EventDate "2014.04.25"]
[EventType "swiss"]
[EventRounds "6"]
[EventCountry "ITA"]
[SourceTitle "EXT 2015"]
[Source "ChessBase"]
[SourceDate "2014.11.20"]
[SourceVersion "1"]
[SourceVersionDate "2014.11.20"]
[SourceQuality "1"]

1. e4 g6 2. d4 Bg7 3. f4 c5 4. c3 cxd4 5. cxd4 Nf6 6. Nc3 0-0 7. e5 Ne8 8. Nf3 d6 9. Be3 dxe5 10. dxe5 Nc7 11. Bc4 Nc6 12. 0-0 Be6 13. Qe2 Qc8 14. Rac1 Bxc4 15. Qxc4 Qe6 16. Qe4 f6 17. Nd4 Nxd4 18. Bxd4 b6 19. Rfe1 fxe5 20. Bxe5 Bxe5 21. Qxe5 Qxe5 22. Rxe5 Rxf4 23. Rxe7 Rf7 24. Rxf7 Kxf7 25. Ne4 Ne6 26. Rf1+ Kg7 27. Rd1 Rd8 28. Rxd8 Nxd8 1/2-1/2

[Event "Vescovato Gerolamo op-A 13th"]
[Site "Vescovato"]
[Date "2014.04.25"]
[Round "2"]
[White "Popovich, Fabio"]
[Black "Masotti, Roberto"]
[Result "1/2-1/2"]
[WhiteElo "1945"]
[BlackElo "1893"]
[PlyCount "77"]
[EventDate "2014.04.25"]
[EventType "swiss"]
[EventRounds "6"]
[EventCountry "ITA"]
[SourceTitle "EXT 2015"]
[Source "ChessBase"]
[SourceDate "2014.11.20"]
[SourceVersion "1"]
[SourceVersionDate "2014.11.20"]
[SourceQuality "1"]

1. c4 e6 2. g3 d5 3. Bg2 c5 4. Nf3 Nc6 5. e3 Nf6 6. 0-0 Be7 7. b3 0-0 8. Bb2 Qc7 9. Nc3 a6 10. cxd5 exd5 11. d4 cxd4 12. Nxd4 Rd8 13. Rc1 Qb6 14. Na4 Qc7 15. Qc2 Bd7 16. Nc5 Nb4 17. Qd2 Bxc5 18. Qxb4 Rac8 19. Qd2 Qd6 20. h3 Ne4 21. Qd3 Re8 22. h4 g6 23. a4 Nxg3 24. fxg3 Qxg3 25. Rf3 Qxh4 26. Rf4 Qg3 27. Rf3 Qg5 28. Rcf1 Re7 29. Qc3 Bd6 30. Ne6 Qxg2+ 31. Kxg2 Rxc3 32. Bxc3 Bxe6 33. Bd4 Bf5 34. Rxf5 gxf5 35. Rxf5 Re6 36. Rxd5 f6 37. Kf3 Kf7 38. e4 Kg6 39. Be3 1/2-1/2

[Event "Milan Carnevale op-A 5th"]
[Site "Milan"]
[Date "2014.03.08"]
[Round "4"]
[White "Battistella, Stefano"]
[Black "Popovich, Fabio"]
[Result "0-1"]
[WhiteElo "2063"]
[BlackElo "1923"]
[PlyCount "82"]
[EventDate "2014.03.05"]
[EventType "swiss"]
[EventRounds "6"]
[EventCountry "ITA"]
[SourceTitle "EXT 2015"]
[Source "ChessBase"]
[SourceDate "2014.11.20"]
[SourceVersion "1"]
[SourceVersionDate "2014.11.20"]
[SourceQuality "1"]

1. Nf3 g6 2. c4 Bg7 3. Nc3 Nf6 4. g3 0-0 5. Bg2 d5 6. cxd5 Nxd5 7. 0-0 Nc6 8. Qb3 Nb6 9. d3 Be6 10. Qd1 h6 11. Be3 Nd5 12. Nxd5 Bxd5 13. Qd2 Kh7 14. h4 a5 15. Bc5 a4 16. e4 Be6 17. e5 Bd5 18. Qe2 Ra5 19. Rac1 b6 20. Ba3 Bxf3 21. Bxf3 Nxe5 22. Bg2 c5 23. Rfd1 Qd4 24. h5 Rd8 25. hxg6+ fxg6 26. Be4 Ra7 27. Kg2 Qd7 28. f4 Ng4 29. f5 gxf5 30. Qxg4 fxe4 31. Qxe4+ Kh8 32. Qg6 Qd6 33. Qg4 Qd5+ 34. Kh2 Qxa2 35. d4 Rxd4 36. Qc8+ Qg8 37. Qc6 Rad7 38. Rxd4 Rxd4 39. Qxb6 Rd2+ 40. Kh3 Qc8+ 41. g4 Rd3+ 0-1

[Event "Milan Carnevale op-A 5th"]
[Site "Milan"]
[Date "2014.03.05"]
[Round "1"]
[White "Motola, Jacopo"]
[Black "Popovich, Fabio"]
[Result "0-1"]
[WhiteElo "2062"]
[BlackElo "1923"]
[PlyCount "120"]
[EventDate "2014.03.05"]
[EventType "swiss"]
[EventRounds "6"]
[EventCountry "ITA"]
[SourceTitle "EXT 2015"]
[Source "ChessBase"]
[SourceDate "2014.11.20"]
[SourceVersion "1"]
[SourceVersionDate "2014.11.20"]
[SourceQuality "1"]

1. Nf3 Nf6 2. g3 g6 3. Bg2 Bg7 4. 0-0 0-0 5. d3 d6 6. e4 c5 7. c3 Nc6 8. Re1 Rb8 9. a4 Bg4 10. h3 Bd7 11. d4 cxd4 12. cxd4 Qc8 13. Kh2 d5 14. Nc3 dxe4 15. Ne5 Rd8 16. Be3 Be6 17. Nxc6 bxc6 18. Rb1 c5 19. d5 Nxd5 20. Nxd5 Rxd5 21. Qc2 Bxh3 22. Bxe4 Bf5 23. b4 Bxe4 24. Qxe4 Re5 25. Qf3 Rh5+ 26. Kg1 cxb4 27. Bxa7 Qb7 28. Qxb7 Rxb7 29. Be3 Ra5 30. Bd2 Rxa4 31. Re4 e6 32. Rexb4 Raxb4 33. Rxb4 Rxb4 34. Bxb4 Bd4 35. Kg2 Kg7 36. g4 Kf6 37. f3 e5 38. Ba3 Kg5 39. Be7+ Kf4 40. Bd6 f5 41. gxf5 gxf5 42. Bc7 h5 43. Bd8 e4 44. fxe4 fxe4 45. Kh3 Bf2 46. Kg2 Be1 47. Bb6 Kg4 48. Be3 h4 49. Bc5 h3+ 50. Kh1 Bg3 51. Bb6 Kf3 52. Bc5 Bf2 53. Bb4 Bd4 54. Kh2 Kg4 55. Bd2 Be5+ 56. Kh1 Bf4 57. Be1 e3 58. Bf2 e2 59. Be1 Kf3 60. Ba5 Ke3 0-1

[Event "Crema op 14th"]
[Site "Crema"]
[Date "2012.09.01"]
[Round "4"]
[White "Popovich, Fabio"]
[Black "Tirelli, Mauro"]
[Result "0-1"]
[WhiteElo "1832"]
[BlackElo "1990"]
[PlyCount "38"]
[EventDate "2012.08.31"]
[EventType "swiss"]
[EventRounds "6"]
[EventCountry "ITA"]
[SourceTitle "EXT 2014"]
[Source "ChessBase"]
[SourceDate "2013.11.20"]
[SourceVersion "1"]
[SourceVersionDate "2013.11.20"]
[SourceQuality "1"]

1. e4 e6 2. d4 d5 3. Nc3 Bb4 4. e5 c5 5. a3 Bxc3+ 6. bxc3 Qc7 7. Qg4 f5 8. Qg3 cxd4 9. cxd4 Ne7 10. Bd2 0-0 11. Bd3 b6 12. Ne2 Ba6 13. 0-0 Bxd3 14. cxd3 Nbc6 15. h4 f4 16. Qg4 Nf5 17. Rac1 Qd7 18. Nxf4 Ncxd4 19. Bb4 Nh6 0-1

[Event "Milan Crespi op-B 32nd"]
[Site "Milan"]
[Date "2011.12.11"]
[Round "6"]
[White "Popovich, Fabio"]
[Black "Patrucco, Carlo"]
[Result "1-0"]
[WhiteElo "1847"]
[BlackElo "1884"]
[PlyCount "89"]
[EventDate "2011.12.07"]
[EventType "swiss"]
[EventRounds "7"]
[EventCountry "ITA"]
[SourceTitle "EXT 2022"]
[Source "ChessBase"]
[SourceDate "2021.10.06"]
[SourceVersion "1"]
[SourceVersionDate "2021.10.06"]
[SourceQuality "1"]

1. e4 c5 2. Nc3 Nc6 3. d3 g6 4. g3 Bg7 5. Bg2 d6 6. f4 e6 7. Nf3 Nge7 8. 0-0 0-0 9. Be3 b6 10. d4 cxd4 11. Nxd4 Nxd4 12. Bxd4 Bxd4+ 13. Qxd4 Nc6 14. Qd2 Qe7 15. f5 Rd8 16. Rad1 Ba6 17. Rf2 Ne5 18. f6 Qf8 19. b3 Rac8 20. Bf1 Bb7 21. Bd3 d5 22. exd5 Bxd5 23. Nxd5 Rxd5 24. Qe2 Qd6 25. Rd2 Rd8 26. Qe4 Nxd3 27. Rxd3 Rxd3 28. Qxd3 Qxd3 29. cxd3 h6 30. Rf3 g5 31. Kf2 Rc8 32. Ke3 Rc2 33. h4 Rxa2 34. Kd4 Ra5 35. h5 g4 36. Rf4 Rxh5 37. Rxg4+ Rg5 38. Rxg5+ hxg5 39. b4 a6 40. Kc4 Kh7 41. d4 Kg6 42. d5 Kxf6 43. d6 e5 44. Kd5 e4 45. Kc6 1-0

[Event "Milan Crespi op-B 32nd"]
[Site "Milan"]
[Date "2011.12.11"]
[Round "7"]
[White "Swannie, Douglas"]
[Black "Popovich, Fabio"]
[Result "1-0"]
[WhiteElo "1955"]
[BlackElo "1847"]
[PlyCount "99"]
[EventDate "2011.12.07"]
[EventType "swiss"]
[EventRounds "7"]
[EventCountry "ITA"]
[SourceTitle "EXT 2022"]
[Source "ChessBase"]
[SourceDate "2021.10.06"]
[SourceVersion "1"]
[SourceVersionDate "2021.10.06"]
[SourceQuality "1"]

1. d4 Nf6 2. c4 c5 3. d5 e6 4. Nc3 exd5 5. cxd5 d6 6. e4 g6 7. f4 Qe7 8. Bb5+ Bd7 9. Bxd7+ Nbxd7 10. Qe2 Bg7 11. Nf3 0-0 12. 0-0 a6 13. a4 Rac8 14. e5 Ne8 15. e6 Ndf6 16. Ng5 fxe6 17. Nxe6 Nc7 18. Nxf8 Qxf8 19. Qf3 Qf7 20. Rd1 Re8 21. Kf1 Qd7 22. h3 b5 23. axb5 axb5 24. Kf2 b4 25. Ne2 Qb5 26. Ng3 c4 27. Re1 Rxe1 28. Kxe1 Qe8+ 29. Qe2 Qxe2+ 30. Nxe2 Nfxd5 31. Ra7 Kf7 32. Kd1 Ke6 33. g4 h6 34. f5+ gxf5 35. Nf4+ Nxf4 36. Rxc7 Be5 37. gxf5+ Kxf5 38. Bxf4 Bxf4 39. Rxc4 Ke5 40. Rxb4 Be3 41. Rc4 Kd5 42. b3 Bd4 43. Ke2 Be5 44. Kd3 Ke6 45. b4 h5 46. b5 d5 47. Rc2 Kd7 48. b6 Bb8 49. b7 Kd6 50. Rc8 1-0

[Event "Milan Molinari Memorial 5th"]
[Site "Milan"]
[Date "2011.11.01"]
[Round "6"]
[White "Pelizzola, Danilo"]
[Black "Popovich, Fabio"]
[Result "1-0"]
[WhiteElo "2006"]
[BlackElo "1805"]
[PlyCount "87"]
[EventDate "2011.10.28"]
[EventType "swiss"]
[EventRounds "6"]
[EventCountry "ITA"]
[SourceTitle "EXT 2014"]
[Source "ChessBase"]
[SourceDate "2013.11.20"]
[SourceVersion "1"]
[SourceVersionDate "2013.11.20"]
[SourceQuality "1"]

1. e4 c5 2. Nf3 Nc6 3. Be2 d6 4. b3 e5 5. Bb2 f5 6. d3 Nf6 7. Nc3 Be7 8. Qd2 0-0 9. Nd5 Nxd5 10. exd5 Nb8 11. 0-0 Nd7 12. Qe1 Nf6 13. c4 Qe8 14. Nd2 g5 15. f3 Qg6 16. a3 Nh5 17. g3 Nf6 18. b4 b6 19. b5 h5 20. Kh1 Rf7 21. Rg1 Nd7 22. a4 Bf8 23. a5 Bh6 24. axb6 Nxb6 25. Rf1 f4 26. Ne4 Bf5 27. gxf4 Bxe4 28. dxe4 Rxf4 29. Bc1 Rh4 30. Qg3 Kf7 31. Rg1 Kf6 32. Ra6 Qg7 33. Be3 Rg8 34. Qxh4 gxh4 35. Rxg7 Bxg7 36. Rxa7 Ra8 37. Ra6 Rxa6 38. bxa6 Ke7 39. Bd2 Kd7 40. Bf1 Kc8 41. Ba5 Na4 42. Bh3+ Kb8 43. Bd7 Nb2 44. Bb6 1-0

[Event "Milan Molinari Memorial 5th"]
[Site "Milan"]
[Date "2011.10.31"]
[Round "5"]
[White "Popovich, Fabio"]
[Black "Pedroli, Marco"]
[Result "1-0"]
[WhiteElo "1805"]
[BlackElo "1900"]
[PlyCount "85"]
[EventDate "2011.10.28"]
[EventType "swiss"]
[EventRounds "6"]
[EventCountry "ITA"]
[SourceTitle "EXT 2014"]
[Source "ChessBase"]
[SourceDate "2013.11.20"]
[SourceVersion "1"]
[SourceVersionDate "2013.11.20"]
[SourceQuality "1"]

1. e4 e5 2. Nf3 Nc6 3. Bb5 Nf6 4. 0-0 Nxe4 5. d4 Nd6 6. Bxc6 dxc6 7. dxe5 Nf5 8. Qxd8+ Kxd8 9. Nc3 Ke8 10. Bf4 Be6 11. a3 h6 12. Rad1 Be7 13. g4 Nh4 14. Nxh4 Bxh4 15. f3 Be7 16. Ne4 b6 17. Bc1 Bd5 18. Ng3 g6 19. b3 b5 20. Bb2 Be6 21. Kg2 Rd8 22. Ne2 c5 23. Nc3 c6 24. Ne4 Rd7 25. Rxd7 Kxd7 26. Rd1+ Kc7 27. Kf2 Rd8 28. Rxd8 Kxd8 29. Bc1 g5 30. Be3 c4 31. b4 a6 32. c3 Kd7 33. Bc5 Bd5 34. Bxe7 Kxe7 35. Nc5 f6 36. exf6+ Kxf6 37. Nxa6 Be6 38. Nc5 Bd5 39. a4 bxa4 40. Nxa4 Be6 41. Nc5 Bc8 42. h3 Ke5 43. Ke3 1-0

[Event "Codogno op 3rd"]
[Site "Codogno"]
[Date "2011.10.15"]
[Round "4"]
[White "De Palma, Fabrizio"]
[Black "Popovich, Fabio"]
[Result "1-0"]
[WhiteElo "2071"]
[BlackElo "1805"]
[PlyCount "101"]
[EventDate "2011.10.14"]
[EventType "swiss"]
[EventRounds "5"]
[EventCountry "ITA"]
[SourceTitle "CBM 144 Extra"]
[Source "ChessBase"]
[SourceDate "2011.10.28"]
[SourceVersion "1"]
[SourceVersionDate "2011.10.28"]
[SourceQuality "1"]

1. d4 d5 2. c4 c6 3. Nf3 e6 4. Nc3 Nf6 5. e3 Nbd7 6. Bd3 dxc4 7. Bxc4 b5 8. Bd3 a6 9. a4 Bb7 10. 0-0 b4 11. Nb1 a5 12. Qe2 Be7 13. Nbd2 Nb6 14. e4 0-0 15. Nb3 Nfd7 16. Be3 Bf6 17. Rfd1 g6 18. Nc5 Nxc5 19. dxc5 Nd7 20. e5 Be7 21. Rac1 Qc7 22. Bd4 Nb8 23. Qe3 Rd8 24. Nd2 Rd5 25. Bc4 Ba6 26. Bxd5 cxd5 27. b3 Nc6 28. Rc2 Bg5 29. f4 Bh6 30. Nf3 Qe7 31. Bb2 Rc8 32. g3 Bg7 33. Kh1 Qb7 34. Bd4 Qe7 35. Qf2 Bh6 36. Be3 Bg7 37. h3 Kh8 38. g4 Rg8 39. Nd4 Qc7 40. Nb5 Qd7 41. Nd6 Qe7 42. Bd4 Rf8 43. Bb2 h6 44. Re1 Kh7 45. Qe3 Rg8 46. Rg2 Rf8 47. f5 Qh4 48. f6 Bh8 49. Kh2 Qg5 50. Qxg5 hxg5 51. Kg3 1-0

[Event "Codogno op 3rd"]
[Site "Codogno"]
[Date "2011.10.14"]
[Round "1"]
[White "Ficco, Corrado"]
[Black "Popovich, Fabio"]
[Result "1-0"]
[WhiteElo "2117"]
[BlackElo "1805"]
[PlyCount "115"]
[EventDate "2011.10.14"]
[EventType "swiss"]
[EventRounds "5"]
[EventCountry "ITA"]
[SourceTitle "CBM 144 Extra"]
[Source "ChessBase"]
[SourceDate "2011.10.28"]
[SourceVersion "1"]
[SourceVersionDate "2011.10.28"]
[SourceQuality "1"]

1. e4 c5 2. Nf3 Nc6 3. d4 cxd4 4. Nxd4 Nf6 5. Nc3 d6 6. f3 e5 7. Nb3 a5 8. Bb5 Be6 9. Bg5 Be7 10. 0-0 0-0 11. a4 Nd7 12. Bxe7 Qxe7 13. Nd5 Bxd5 14. Qxd5 Nb6 15. Qd2 Qc7 16. Rfd1 Rfd8 17. Qc3 d5 18. Qc5 d4 19. c3 Nd7 20. Qc4 Rac8 21. cxd4 exd4 22. Bxc6 Ne5 23. Qc5 b6 24. Qb5 Nxc6 25. Rac1 Qf4 26. Rxc6 Qe3+ 27. Kf1 Rxc6 28. Qxc6 Qxb3 29. Rxd4 Rf8 30. Qc3 Qe6 31. Qd2 h6 32. Qd3 Qe5 33. g3 Qc5 34. Qc4 Rc8 35. Qxc5 Rxc5 36. Ke2 Rc2+ 37. Rd2 Rc4 38. Rd8+ Kh7 39. b3 Rc2+ 40. Rd2 Rc3 41. Rd3 Rc2+ 42. Ke3 Rxh2 43. Rd6 Rc2 44. Rxb6 Rc3+ 45. Ke2 Rc8 46. Rb5 Ra8 47. Kd3 Kg6 48. Kc4 Kf6 49. b4 axb4 50. Kxb4 g5 51. a5 h5 52. Rb6+ Kg7 53. a6 h4 54. gxh4 gxh4 55. Ka5 Rh8 56. a7 h3 57. Rb8 h2 58. Rxh8 1-0